| 000 | 00412cam a22001337a 4500 | ||
|---|---|---|---|
| 008 | 180718b1998 xxu||||| |||| 00| 0 eng d | ||
| 082 | _aA81x54 91/7/PT 2B | ||
| 100 | _aCensus of India 1991 | ||
| 245 | _aGujarat: primary census abstract | ||
| 260 |
_aDelhi _bThe Controller of Publications _c1998 |
||
| 300 | _a763+p. | ||
| 440 | _aCensus of India 1991. Series-7, Gujarat. Part II-B | ||
| 650 | _aGujarat - Census | ||
| 999 |
_c487853 _d487853 |
||